000 00741aam a2200277 i 4500
001 768714001
003 CO-MdFUSB
005 20251020144920.0
007 ta
008 251020t1967 -us |||| |||| 00| 0 spa d
040 _cCO-MdFUSB
041 0 _aspa
082 0 4 _223
_a252
_bC349e
100 1 _aCastex C., Bernardo
_eautor
245 1 0 _aEstudios profundos de predicadores famosos
_c/ Bernardo Castex C.
264 1 _bSelecciones Religiosas,
_aMiami, FL., USA :
_c[1967]
264 4 _c©1967
300 _a157 páginas
336 _atexto
_btxt
_2rdacontent
337 _2rdamedia
_asin mediación
_bn
338 _2rdacarrier
_avolumen
_bnc
563 _aRústico
650 7 _aSermones
_9283
942 _cBK
945 _aJTF-925
999 _c36417
_d36417